[Event "7th Calgary International"]
[Site "Calgary"]
[Date "2014.11.09"]
[Round "5.1"]
[White "Mikhalevski, Victor"]
[Black "Shi, Diwen"]
[Result "1-0"]
[WhiteElo "2565"]
[BlackElo "2219"]
[PlyCount "95"]
[EventDate "2014.11.06"]
[EventType "tourn"]
[EventRounds "9"]
[EventCountry "CAN"]

1. d4 Nf6 2. c4 Nc6 3. Nf3 e6 4. a3 g6 5. Nc3 Bg7 6. e4 d6 7. Be2 O-O 8. O-O
Re8 9. Bg5 h6 10. Be3 e5 11. dxe5 Nxe5 12. Nxe5 Rxe5 13. f3 Re8 14. Qd2 Kh7 15.
Rfd1 Be6 16. Nb5 a6 17. Nd4 Bd7 18. Rac1 Qe7 19. Bf1 Rad8 20. Re1 Bc8 21. a4
Nd7 22. a5 Nc5 23. Rcd1 Ne6 24. Ne2 Nc5 25. b4 Na4 26. Qc2 Bd7 27. Nf4 Nc3 28.
Rd3 Qe5 29. Qd2 Na4 30. Nd5 Rc8 31. Bd4 Qe6 32. Bxg7 Kxg7 33. f4 Bc6 34. Rh3
Bxd5 35. cxd5 Qf6 36. e5 dxe5 37. fxe5 Qg5 38. Qc2 b5 39. Rg3 Qf4 40. Re4 Qf5
41. Rf3 Qd7 42. Qa2 Qe7 43. Ref4 Qxe5 44. d6 Qxd6 45. Qxf7+ Kh8 46. Rh4 g5 47.
Rf6 Qd4+ 48. Rxd4 1-0

[Event "7th Calgary International"]
[Site "Calgary"]
[Date "2014.11.09"]
[Round "5.2"]
[White "Haessel, Dale"]
[Black "Shabalov, Alexander"]
[Result "1/2-1/2"]
[WhiteElo "2155"]
[BlackElo "2530"]
[PlyCount "76"]
[EventDate "2014.11.06"]
[EventType "tourn"]
[EventRounds "9"]
[EventCountry "CAN"]
[WhiteClock "0:01:33"]
[BlackClock "0:04:50"]

1. Nf3 d5 2. d4 c6 3. c4 e6 4. Qc2 dxc4 5. Qxc4 Nf6 6. Bg5 b5 7. Qc2 Bb7 8. e4
Nbd7 9. Nbd2 Rc8 10. e5 h6 11. Bh4 g5 12. Nxg5 hxg5 13. Bxg5 Qb6 14. exf6 c5
15. Rc1 c4 16. Qc3 Qa6 17. a3 Nb6 18. h4 Na4 19. Qc2 Nxb2 20. Qxb2 Bxa3 21. Qb1
Bxc1 22. Qxc1 Bd5 23. Rh3 b4 24. Be2 Bxg2 25. Re3 Bd5 26. f4 Kd8 27. f5 Re8 28.
Re5 Qc6 29. Qa1 Rc7 30. Qa5 c3 31. fxe6 cxd2+ 32. Bxd2 Bc4 33. e7+ Kc8 34. Bg4+
Kb8 35. Bf4 Qh1+ 36. Kf2 Qf1+ 37. Kg3 Qg1+ 38. Kf3 Qf1+ 1/2-1/2

[Event "7th Calgary International"]
[Site "Calgary"]
[Date "2014.11.09"]
[Round "5.3"]
[White "Humphreys, Michael"]
[Black "Sevillano, Enrico"]
[Result "0-1"]
[WhiteElo "2190"]
[BlackElo "2456"]
[PlyCount "82"]
[EventDate "2014.11.06"]
[EventType "tourn"]
[EventRounds "9"]
[EventCountry "CAN"]
[WhiteClock "0:25:26"]
[BlackClock "0:34:15"]

1. Nf3 Nf6 2. c4 c6 3. d4 d5 4. Nc3 a6 5. a4 a5 6. cxd5 cxd5 7. Bf4 e6 8. e3
Bb4 9. Bd3 Bd7 10. O-O O-O 11. Ne5 Nc6 12. Qf3 Ne8 13. Qh3 f5 14. Bg5 Be7 15.
Bxe7 Qxe7 16. f4 Nf6 17. Qf3 Rfc8 18. Rac1 Nb4 19. Qe2 Rc7 20. Bb5 Bc6 21. Qd2
Rac8 22. Be2 Be8 23. Bf3 Bd7 24. Be2 Qe8 25. Bb5 Bxb5 26. Nxb5 Rc2 27. Rxc2
Rxc2 28. Qd1 Rxb2 29. Qa1 Ra2 30. Qb1 Ne4 31. Rc1 Nd2 32. Nd6 Qf8 33. Qxa2 Nxa2
34. Rc8 Qxc8 35. Nxc8 Nc4 36. Nd7 Kf7 37. Nc5 b6 38. Nd7 Ke8 39. Ncxb6 Nxb6 40.
Nxb6 Kd8 41. g4 Nc3 0-1

[Event "7th Calgary International"]
[Site "Calgary"]
[Date "2014.11.09"]
[Round "5.4"]
[White "Booker, Brad"]
[Black "Pechenkin, Vladimir"]
[Result "1-0"]
[WhiteElo "2062"]
[BlackElo "2332"]
[PlyCount "91"]
[EventDate "2014.11.06"]
[EventType "tourn"]
[EventRounds "9"]
[EventCountry "CAN"]
[WhiteClock "1:02:16"]
[BlackClock "0:14:28"]

1. e4 e6 2. d3 d5 3. Nd2 c5 4. g3 Nc6 5. Bg2 Nf6 6. Ngf3 Be7 7. O-O b6 8. Re1
Bb7 9. e5 Nd7 10. Nf1 g5 11. h3 h6 12. c3 Qc7 13. d4 O-O-O 14. Be3 Rdg8 15.
N3d2 h5 16. Rc1 c4 17. b3 b5 18. a4 a6 19. axb5 axb5 20. bxc4 bxc4 21. Rb1 Nb6
22. Qc2 Nb8 23. Rb2 N8d7 24. Ra1 Qc6 25. Nb1 Kc7 26. Na3 Ba6 27. Bc1 Ra8 28.
Ne3 Na4 29. Rba2 Nab6 30. Qd2 h4 31. Nac2 Bb5 32. Ba3 Bxa3 33. Rxa3 Rxa3 34.
Rxa3 Ba4 35. Nb4 Qb5 36. Bf1 Nb8 37. Nec2 hxg3 38. fxg3 Rg8 39. Qf2 Qe8 40. Ne3
Kb7 41. Ng4 Rg6 42. Nf6 Qe7 43. Qa2 Bd7 44. Ra7+ Kc8 45. Qa5 Rxf6 46. Qxb6 1-0

[Event "7th Calgary International"]
[Site "Calgary"]
[Date "2014.11.09"]
[Round "5.5"]
[White "Arruebarrena, Rafael"]
[Black "Ng, Gary"]
[Result "0-1"]
[WhiteElo "2268"]
[BlackElo "2151"]
[PlyCount "53"]
[EventDate "2014.11.06"]
[EventType "tourn"]
[EventRounds "9"]
[EventCountry "CAN"]

1. e4 b6 2. d4 Bb7 3. Bd3 Nf6 4. Qe2 Nc6 5. c3 e5 6. Nf3 Qe7 7. O-O d6 8. d5
Nb8 9. c4 g6 10. Nc3 Bg7 11. Be3 O-O 12. b4 Nh5 13. g3 Bc8 14. Nh4 Nf4 15. Qc2
f5 16. exf5 Nxd3 17. Qxd3 g5 18. Ng2 e4 19. Qd2 Bxf5 20. Rac1 h6 21. Bd4 Nd7
22. f4 exf3 23. Rxf3 Bxd4+ 24. Qxd4 Ne5 25. Re3 Bh3 26. Rce1 Qf6 27. Qe4 0-1

[Event "7th Calgary International"]
[Site "Calgary"]
[Date "2014.11.09"]
[Round "6.1"]
[White "Shi, Diwen"]
[Black "Booker, Brad"]
[Result "0-1"]
[WhiteElo "2219"]
[BlackElo "2062"]
[PlyCount "88"]
[EventDate "2014.11.06"]
[EventType "tourn"]
[EventRounds "9"]
[EventCountry "CAN"]

1. e4 c6 2. d4 d5 3. e5 Bf5 4. Nf3 e6 5. Be2 Ne7 6. O-O Nd7 7. Na3 Bg6 8. c3
Nf5 9. Nc2 Be7 10. Nce1 O-O 11. Nd3 c5 12. dxc5 Nxc5 13. Bf4 Rc8 14. Re1 Qb6
15. Rb1 Rfd8 16. g4 Nh6 17. h3 Ne4 18. Nd4 Kh8 19. Kg2 a6 20. Rh1 Ng8 21. h4
Nc5 22. h5 Be4+ 23. f3 Nxd3 24. Bxd3 Bxd3 25. Qxd3 Qc7 26. g5 Bc5 27. Ne2 Ne7
28. g6 Nf5 29. Ng3 Nxg3 30. Kxg3 h6 31. Rh4 Bf8 32. Rbh1 Qc4 33. Qe3 d4 34.
cxd4 Qc2 35. Rg4 Qf5 36. gxf7 Qxf7 37. Rg6 Rc4 38. Rh4 Rcxd4 39. Rhg4 Rd3 40.
Qe2 Qf5 41. Qh2 Rd1 42. Kh4 Qb1 43. Rg1 Be7+ 44. Kg3 Rxg1+ 0-1

[Event "7th Calgary International"]
[Site "Calgary"]
[Date "2014.11.09"]
[Round "6.2"]
[White "Arruebarrena, Rafael"]
[Black "Mikhalevski, Victor"]
[Result "0-1"]
[WhiteElo "2268"]
[BlackElo "2565"]
[PlyCount "102"]
[EventDate "2014.11.06"]
[EventType "tourn"]
[EventRounds "9"]
[EventCountry "CAN"]
[WhiteClock "0:26:20"]
[BlackClock "0:08:12"]

1. e4 e5 2. Nf3 Nc6 3. Bb5 a6 4. Ba4 Nf6 5. O-O Nxe4 6. d4 b5 7. Bb3 d5 8. dxe5
Be6 9. Nbd2 Nc5 10. c3 Be7 11. Bc2 Bg4 12. Re1 Qd7 13. h3 Bh5 14. Nf1 Rd8 15.
Ng3 Bg6 16. Nd4 Nxd4 17. cxd4 Ne6 18. Nf5 c5 19. Nxe7 Qxe7 20. Bxg6 hxg6 21.
dxc5 Qxc5 22. Bd2 O-O 23. Rc1 Qd4 24. Ba5 Rc8 25. Qxd4 Nxd4 26. Rxc8 Rxc8 27.
Rd1 Rc4 28. b3 Rc1 29. Rxc1 Ne2+ 30. Kf1 Nxc1 31. Bd2 Nd3 32. f4 f5 33. Ke2 Nc5
34. Ke3 Ne6 35. g3 Kf7 36. Kd3 Ke8 37. Be3 Kd7 38. Ba7 g5 39. Ke3 gxf4+ 40.
gxf4 b4 41. Bd4 Kc6 42. Ba7 Kb5 43. Bd4 a5 44. Ba7 a4 45. bxa4+ Kxa4 46. Bb8
Kb5 47. Kd3 Nxf4+ 48. Kd4 Kc6 49. e6 Nxe6+ 50. Ke5 d4 51. Kxe6 g5 0-1

[Event "7th Calgary International"]
[Site "Calgary"]
[Date "2014.11.09"]
[Round "6.3"]
[White "Ng, Gary"]
[Black "Shabalov, Alexander"]
[Result "1/2-1/2"]
[WhiteElo "2151"]
[BlackElo "2530"]
[PlyCount "62"]
[EventDate "2014.11.06"]
[EventType "tourn"]
[EventRounds "9"]
[EventCountry "CAN"]
[WhiteClock "0:12:44"]
[BlackClock "0:14:37"]

1. b4 d5 2. Bb2 Nf6 3. Nf3 Bf5 4. e3 e6 5. c4 Nbd7 6. Qb3 h6 7. d4 Be7 8. Nc3
O-O 9. cxd5 exd5 10. Be2 a5 11. b5 Be6 12. Ba3 c5 13. bxc6 bxc6 14. Bxe7 Qxe7
15. O-O Bf5 16. Rfc1 Rfb8 17. Qd1 Qa3 18. Na4 Ne4 19. Nd2 Ndf6 20. Nxe4 Nxe4
21. Bf3 Rb4 22. Bxe4 Bxe4 23. Nc5 Bg6 24. Qe1 a4 25. Qc3 Qxc3 26. Rxc3 a3 27.
Nb3 Rc4 28. Rac1 Raa4 29. Nd2 Rcb4 30. Nb3 Rc4 31. Nd2 Rcb4 1/2-1/2

[Event "7th Calgary International"]
[Site "Calgary"]
[Date "2014.11.09"]
[Round "6.4"]
[White "Pechenkin, Vladimir"]
[Black "Humphreys, Michael"]
[Result "1/2-1/2"]
[WhiteElo "2332"]
[BlackElo "2190"]
[PlyCount "174"]
[EventDate "2014.11.06"]
[EventType "tourn"]
[EventRounds "9"]
[EventCountry "CAN"]
[WhiteClock "0:03:23"]
[BlackClock "0:05:47"]

1. c4 c5 2. g3 g6 3. Bg2 Bg7 4. Nc3 Nc6 5. Nf3 d6 6. O-O Bf5 7. d3 Qd7 8. a3
Bh3 9. Bd2 Bxg2 10. Kxg2 Nf6 11. Rb1 O-O 12. b4 b6 13. e3 Ne5 14. Qe2 Rfd8 15.
Rfd1 Rac8 16. Nxe5 dxe5 17. Be1 Qc6+ 18. Qf3 cxb4 19. axb4 e4 20. Nxe4 Nxe4 21.
b5 Qe6 22. Qxe4 Qxe4+ 23. dxe4 Rxd1 24. Rxd1 Rxc4 25. Rd7 Rxe4 26. Rxa7 f5 27.
Rb7 Re6 28. f3 Rxe3 29. Bf2 Re2 30. Kf1 Rb2 31. Bxb6 Rxb5 32. Rb8+ Kf7 33. Ba7
Rxb8 34. Bxb8 e5 35. Ke2 Ke6 36. Ba7 Kd5 37. Bf2 Bf8 38. h3 Bd6 39. Be1 Bc7 40.
Bf2 Ba5 41. Be3 Bb4 42. Bf2 Kc4 43. Be3 Bc3 44. Bf2 Bb2 45. Be3 Ba3 46. Bf2 Bc1
47. Be1 h5 48. Bf2 Bg5 49. Be1 Bh6 50. Bf2 Bc1 51. Be1 e4 52. fxe4 fxe4 53. Bf2
Kd5 54. Bb6 Ke5 55. Bc5 Kf5 56. Bb6 g5 57. Bf2 g4 58. h4 Ke5 59. Bc5 Kd5 60.
Bb6 Bb2 61. Be3 Be5 62. Bf2 e3 63. Bxe3 Bxg3 64. Bg5 Ke4 65. Be7 Be5 66. Kf2
Kf5 67. Bb4 Bf6 68. Kg3 Ke4 69. Be1 Ke3 70. Kg2 Ke2 71. Bf2 Be5 72. Bc5 Kd3 73.
Be7 Ke4 74. Bd8 Kf4 75. Bg5+ Kf5 76. Bd2 Bf6 77. Be1 Ke4 78. Bf2 Bd4 79. Bg3
Bf6 80. Bf2 Kd3 81. Bg3 Ke2 82. Bf2 Bc3 83. Bc5 Be1 84. Be7 Ke3 85. Bg5+ Ke4
86. Be7 Kf5 87. Bd8 Bc3 1/2-1/2

[Event "7th Calgary International"]
[Site "Calgary"]
[Date "2014.11.09"]
[Round "6.5"]
[White "Sevillano, Enrico"]
[Black "Haessel, Dale"]
[Result "1/2-1/2"]
[WhiteElo "2456"]
[BlackElo "2155"]
[PlyCount "143"]
[EventDate "2014.11.06"]
[EventType "tourn"]
[EventRounds "9"]
[EventCountry "CAN"]

1. e4 e5 2. Nf3 Nc6 3. Bb5 a6 4. Ba4 Nf6 5. O-O Nxe4 6. d4 b5 7. Bb3 d5 8. dxe5
Be6 9. c3 Bc5 10. Nbd2 O-O 11. Bc2 Nxf2 12. Rxf2 f6 13. exf6 Bxf2+ 14. Kxf2
Qxf6 15. Nb3 Rae8 16. Kg1 Ne5 17. Be3 Nxf3+ 18. Qxf3 Qxf3 19. gxf3 Rxf3 20. Bf2
Bh3 21. Nd2 Rf6 22. Bd3 h5 23. Re1 Rxe1+ 24. Bxe1 c5 25. Bh4 Rf4 26. Bg3 Ra4
27. a3 h4 28. Bd6 Rg4+ 29. Kf2 Rg2+ 30. Ke1 Kf7 31. Be2 Ke6 32. Bxc5 Rxh2 33.
Nf3 Rh1+ 34. Kf2 Bf5 35. Kg2 Ra1 36. Nxh4 Be4+ 37. Kg3 Ra2 38. Bg4+ Kf7 39. Nf3
Rxb2 40. Ng5+ Kg6 41. Nxe4 dxe4 42. Kf4 a5 43. Kxe4 Kg5 44. Bd7 Kh4 45. Be7+
Kh5 46. Be8+ Kg4 47. Kd4 g5 48. Kc5 Rb3 49. Kb6 Rxc3 50. Kxa5 Kf3 51. Bb4 Rc8
52. Bd7 Rc7 53. Bxb5 g4 54. Kb6 Rc1 55. Bc6+ Kf2 56. Bc5+ Kf1 57. a4 g3 58. a5
g2 59. a6 g1=Q 60. Bb5+ Kg2 61. Bxg1 Kxg1 62. a7 Rc8 63. Bc6 Kf2 64. Kb7 Rh8
65. Kc7 Ke3 66. Bd7 Kd4 67. Bc8 Rh7+ 68. Bd7 Rh8 69. Kd6 Rh6+ 70. Kc7 Rh8 71.
Bc6 Kc5 72. a8=Q 1/2-1/2

[Event "7th Calgary International"]
[Site "Calgary"]
[Date "2014.11.10"]
[Round "7.1"]
[White "Shabalov, Alexander"]
[Black "Sevillano, Enrico"]
[Result "0-1"]
[WhiteElo "2530"]
[BlackElo "2456"]
[PlyCount "82"]
[EventDate "2014.11.06"]
[EventType "tourn"]
[EventRounds "9"]
[EventCountry "CAN"]

1. d4 Nf6 2. c4 e6 3. Nc3 d5 4. Nf3 Ne4 5. g3 c6 6. Bg2 Nxc3 7. bxc3 Be7 8. O-O
O-O 9. Bf4 Nd7 10. Nd2 b5 11. cxb5 cxb5 12. a4 b4 13. c4 Bb7 14. a5 Rc8 15. Qb1
Bc6 16. cxd5 Bxd5 17. e4 Ba8 18. Rd1 Nf6 19. Nb3 Rc4 20. Ra2 Rc3 21. d5 exd5
22. e5 Ne8 23. Nd4 Nc7 24. Nf5 Bc5 25. Bd2 Nb5 26. Rb2 d4 27. Bxa8 Qxa8 28. Re1
Qf3 29. Nh4 Qd5 30. Qf5 Nc7 31. Qg4 Ne6 32. Nf5 Qf3 33. Qxf3 Rxf3 34. Nd6 Rb8
35. Rc1 b3 36. Nc4 Bb4 37. Kf1 g5 38. h3 h5 39. Ke2 Bxd2 40. Nxd2 Rc3 41. Rbb1
Nc5 0-1

[Event "7th Calgary International"]
[Site "Calgary"]
[Date "2014.11.10"]
[Round "7.2"]
[White "Mikhalevski, Victor"]
[Black "Ng, Gary"]
[Result "1-0"]
[WhiteElo "2565"]
[BlackElo "2151"]
[PlyCount "51"]
[EventDate "2014.11.06"]
[EventType "tourn"]
[EventRounds "9"]
[EventCountry "CAN"]
[WhiteClock "0:12:23"]
[BlackClock "0:16:50"]

1. c4 c6 2. Nf3 Nf6 3. g3 d5 4. Bg2 dxc4 5. O-O Nbd7 6. Na3 Nb6 7. Ne5 Qd4 8.
Nexc4 Nxc4 9. Qa4 Bd7 10. Qxc4 e5 11. Qb3 Qb4 12. Nc4 e4 13. Qc2 Bf5 14. b3 Qe7
15. d3 exd3 16. exd3 O-O-O 17. Bf4 Nd5 18. Rae1 Qc5 19. Re5 Be6 20. Rfe1 b5 21.
d4 Qxd4 22. Na5 Nb4 23. Qe2 Qd3 24. Rxe6 fxe6 25. Qxe6+ Qd7 26. Qxd7+ 1-0

[Event "7th Calgary International"]
[Site "Calgary"]
[Date "2014.11.10"]
[Round "7.3"]
[White "Humphreys, Michael"]
[Black "Shi, Diwen"]
[Result "1-0"]
[WhiteElo "2190"]
[BlackElo "2219"]
[PlyCount "84"]
[EventDate "2014.11.06"]
[EventType "tourn"]
[EventRounds "9"]
[EventCountry "CAN"]
[WhiteClock "0:00:57"]
[BlackClock "0:32:06"]

1. Nf3 Nf6 2. c4 Nc6 3. d4 e6 4. g3 d5 5. Bg2 dxc4 6. Qa4 Bb4+ 7. Bd2 Nd5 8.
Qb5 O-O 9. Qxc4 Nb6 10. Qd3 e5 11. Nxe5 Bxd2+ 12. Nxd2 Nxd4 13. e3 Ne6 14. Qxd8
Rxd8 15. Ke2 c6 16. Rhd1 f6 17. Nd3 Bd7 18. Ne4 Be8 19. Ndc5 Nxc5 20. Nxc5 Bh5+
21. Bf3 Bxf3+ 22. Kxf3 Nc4 23. b3 Ne5+ 24. Ke2 b6 25. Ne6 Rxd1 26. Rxd1 Kf7 27.
Nd4 c5 28. Nb5 a6 29. Nd6+ Ke6 30. f4 Ng4 31. Ne4 Ke7 32. Nc3 Rd8 33. Nd5+ Ke6
34. Nc7+ Ke7 35. Nd5+ Ke6 36. e4 Rd6 37. h3 Nh6 38. Nc7+ Ke7 39. Rxd6 Kxd6 40.
Ne8+ Ke7 41. Nxg7 Kf7 42. Nf5 Ng8 1-0

[Event "7th Calgary International"]
[Site "Calgary"]
[Date "2014.11.10"]
[Round "7.4"]
[White "Haessel, Dale"]
[Black "Pechenkin, Vladimir"]
[Result "0-1"]
[WhiteElo "2155"]
[BlackElo "2332"]
[PlyCount "72"]
[EventDate "2014.11.06"]
[EventType "tourn"]
[EventRounds "9"]
[EventCountry "CAN"]
[WhiteClock "0:04:22"]
[BlackClock "0:04:14"]

1. d4 e6 2. Nf3 f5 3. Bf4 Nf6 4. e3 b6 5. Be2 Bb7 6. h3 Be7 7. O-O O-O 8. c4
Ne4 9. Nfd2 Nxd2 10. Qxd2 d6 11. Nc3 Nd7 12. Rad1 Bg5 13. Rfe1 Rf7 14. d5 e5
15. Bxg5 Qxg5 16. e4 f4 17. Bg4 Nf8 18. Be6 Nxe6 19. dxe6 Rf6 20. Nd5 Rg6 21.
f3 Rc8 22. e7 Kf7 23. b4 c6 24. Nc3 Qxe7 25. Re2 Kg8 26. a4 Qe6 27. Qa2 c5 28.
Nb5 Rd8 29. bxc5 bxc5 30. Red2 Qxh3 31. Nxd6 Bc6 32. Nf5 Rxg2+ 33. Rxg2 Rxd1+
34. Kf2 Bd7 35. Qe2 Rh1 36. Qb2 Bxf5 0-1

[Event "7th Calgary International"]
[Site "Calgary"]
[Date "2014.11.10"]
[Round "7.5"]
[White "Booker, Brad"]
[Black "Arruebarrena, Rafael"]
[Result "1-0"]
[WhiteElo "2062"]
[BlackElo "2268"]
[PlyCount "103"]
[EventDate "2014.11.06"]
[EventType "tourn"]
[EventRounds "9"]
[EventCountry "CAN"]

1. e4 c5 2. Nf3 e6 3. d3 Nc6 4. g3 d5 5. Nbd2 Nf6 6. Bg2 Be7 7. O-O O-O 8. e5
Nd7 9. Re1 b5 10. h4 a5 11. Nf1 b4 12. h5 Ba6 13. Bf4 a4 14. Qd2 a3 15. b3 Rc8
16. N1h2 Nd4 17. Nxd4 cxd4 18. Nf3 Qb6 19. Bg5 Bxg5 20. Nxg5 h6 21. Nf3 Rc3 22.
Re2 Rfc8 23. Ne1 Nb8 24. g4 Qd8 25. f4 Nc6 26. Bh3 Na7 27. Rg2 Qh4 28. Kh2 f5
29. gxf5 exf5 30. Nf3 Qxh5 31. Nxd4 Nb5 32. Nxf5 Rxc2 33. Qxc2 Rxc2 34. Rxc2
Nc3 35. Rg2 Bxd3 36. Nxg7 Qf3 37. Ne6+ Kh8 38. Rag1 Bh7 39. Rg3 Qh5 40. Rg7 Ne2
41. R1g2 Nxf4 42. Nxf4 Qxe5 43. Rf7 Be4 44. Rg3 d4 45. Be6 d3 46. Rf8+ Kh7 47.
Bg8+ Kh8 48. Bc4+ Kh7 49. Rf7+ Kh8 50. Rg8+ Kxg8 51. Re7+ Bd5 52. Bxd5+ 1-0

[Event "7th Calgary International"]
[Site "Calgary"]
[Date "2014.11.11"]
[Round "8.1"]
[White "Ng, Gary"]
[Black "Sevillano, Enrico"]
[Result "0-1"]
[WhiteElo "2151"]
[BlackElo "2456"]
[PlyCount "132"]
[EventDate "2014.11.06"]
[EventType "tourn"]
[EventRounds "9"]
[EventCountry "CAN"]

1. b4 c6 2. e3 Nf6 3. Bb2 d5 4. c4 Bf5 5. Nf3 e6 6. b5 Bd6 7. Be2 O-O 8. O-O
dxc4 9. Bxc4 cxb5 10. Bxb5 Qb6 11. Qb3 Na6 12. d4 Nb4 13. Na3 Rfc8 14. Rfc1 Bf8
15. Ne5 a5 16. Qa4 Qd8 17. Nac4 Nd3 18. Nxd3 Bxd3 19. Ba3 Nd5 20. Bxf8 Qxf8 21.
Qb3 Bg6 22. a3 Rc7 23. Qb2 Qd8 24. Qd2 Qg5 25. Ne5 Be4 26. f3 Bg6 27. Rxc7 Nxc7
28. Be2 Nd5 29. f4 Qe7 30. Nxg6 hxg6 31. e4 Nf6 32. Bf3 Rd8 33. Qd3 Qc7 34. g3
Ne8 35. Rb1 Nd6 36. a4 b6 37. Qb3 Nc8 38. d5 exd5 39. exd5 Rd6 40. Qb5 Kh7 41.
Rd1 Ne7 42. Be4 Ng8 43. Qb3 Nf6 44. Bf3 Nd7 45. Kg2 Nf6 46. Rd2 Qd8 47. Rd4 Qd7
48. Rd2 Qd8 49. Rd4 Nd7 50. Qd1 Nc5 51. Be2 Ne6 52. Rd2 Nc7 53. Bc4 Qd7 54. Qb3
Qf5 55. Qd3 Qd7 56. Qb3 Kg8 57. Qd3 Qxa4 58. Rb2 Qd7 59. Qb3 a4 60. Qb4 Nxd5
61. Bxd5 Rxd5 62. Qxb6 Rd2+ 63. Rxd2 Qxd2+ 64. Kg1 a3 65. Qb8+ Kh7 66. Qc8 f5
0-1

[Event "7th Calgary International"]
[Site "Calgary"]
[Date "2014.11.11"]
[Round "8.2"]
[White "Mikhalevski, Victor"]
[Black "Booker, Brad"]
[Result "1-0"]
[WhiteElo "2565"]
[BlackElo "2062"]
[PlyCount "79"]
[EventDate "2014.11.06"]
[EventType "tourn"]
[EventRounds "9"]
[EventCountry "CAN"]
[WhiteClock "0:09:35"]
[BlackClock "0:01:02"]

1. Nf3 Nf6 2. g3 g6 3. b3 Bg7 4. Bb2 d5 5. c4 c6 6. Bg2 O-O 7. O-O Re8 8. d4
Be6 9. Nc3 h6 10. Ne5 Nbd7 11. Nd3 dxc4 12. Nf4 Nf8 13. Nxe6 Nxe6 14. e3 cxb3
15. Qxb3 Qd7 16. Rfd1 Nc7 17. Na4 Na6 18. Rac1 Rab8 19. Ba1 Red8 20. Bf1 Nc7
21. Nc5 Qc8 22. Bg2 e6 23. Rb1 Ncd5 24. e4 Ne7 25. Rbc1 b6 26. Nd3 Qb7 27. Nf4
Kh7 28. h4 h5 29. Nh3 Ng4 30. Ng5+ Kg8 31. Bb2 Qd7 32. Bh3 Qe8 33. Nxf7 Kxf7
34. f3 Nh6 35. Bxe6+ Kf8 36. d5 cxd5 37. exd5 Nhf5 38. Rc7 Bxb2 39. Qxb2 Ng7
40. Qf6+ 1-0

[Event "7th Calgary International"]
[Site "Calgary"]
[Date "2014.11.11"]
[Round "8.3"]
[White "Shi, Diwen"]
[Black "Haessel, Dale"]
[Result "0-1"]
[WhiteElo "2219"]
[BlackElo "2155"]
[PlyCount "94"]
[EventDate "2014.11.06"]
[EventType "tourn"]
[EventRounds "9"]
[EventCountry "CAN"]
[WhiteClock "0:16:20"]
[BlackClock "0:09:01"]

1. e4 e5 2. Nf3 Nc6 3. Nc3 Nf6 4. Bb5 Bc5 5. Nxe5 Nxe5 6. d4 a6 7. Be2 Bd6 8.
f4 Nc6 9. e5 Bb4 10. exf6 Qxf6 11. a3 Bxc3+ 12. bxc3 d5 13. O-O Bf5 14. Rb1 Na5
15. Bf3 O-O-O 16. Re1 Nc4 17. Qe2 Qc6 18. Bg4 Qg6 19. Bh5 Qf6 20. Bf3 Qc6 21.
Bg4 Qd7 22. Bxf5 Qxf5 23. Qd3 Qd7 24. Ra1 f5 25. Be3 Rde8 26. Bf2 Re4 27. Rxe4
fxe4 28. Qg3 Rf8 29. Be3 Qf5 30. Rf1 Rf7 31. Bc1 g6 32. h3 h5 33. Qg5 Qxg5 34.
fxg5 Rxf1+ 35. Kxf1 Kd7 36. Kf2 Ke6 37. Kg3 Kf5 38. Kf2 Nd6 39. g3 c6 40. Kg2
Nf7 41. h4 Nd6 42. Kf2 Kg4 43. Kg2 Nf5 44. c4 dxc4 45. c3 Nxg3 46. Be3 Nf5 47.
Bf2 Nxh4+ 0-1

[Event "7th Calgary International"]
[Site "Calgary"]
[Date "2014.11.11"]
[Round "8.4"]
[White "Pechenkin, Vladimir"]
[Black "Shabalov, Alexander"]
[Result "0-1"]
[WhiteElo "2332"]
[BlackElo "2530"]
[PlyCount "66"]
[EventDate "2014.11.06"]
[EventType "tourn"]
[EventRounds "9"]
[EventCountry "CAN"]
[WhiteClock "0:09:41"]
[BlackClock "0:26:49"]

1. c4 g6 2. Nc3 Bg7 3. g3 f5 4. Bg2 Nf6 5. d3 O-O 6. e4 d6 7. Nge2 Nc6 8. O-O
Kh8 9. h3 e5 10. Nd5 Nxd5 11. cxd5 Ne7 12. Be3 c6 13. dxc6 bxc6 14. Qd2 a5 15.
exf5 Nxf5 16. Bg5 Qe8 17. g4 h6 18. gxf5 hxg5 19. fxg6 Qxg6 20. Bxc6 Ra7 21.
Qe3 Raf7 22. Qg3 Qh5 23. Rae1 e4 24. Bxe4 Be5 25. Qg2 Bxh3 26. Qh1 Qg4+ 27. Bg2
Rh7 28. d4 Bf4 29. Nc3 Rh4 30. Re4 Qh5 31. Ne2 Bxg2 32. Qxg2 Bh2+ 33. Kh1 Rxe4
0-1

[Event "7th Calgary International"]
[Site "Calgary"]
[Date "2014.11.11"]
[Round "8.5"]
[White "Arruebarrena, Rafael"]
[Black "Humphreys, Michael"]
[Result "1/2-1/2"]
[WhiteElo "2268"]
[BlackElo "2190"]
[PlyCount "83"]
[EventDate "2014.11.06"]
[EventType "tourn"]
[EventRounds "9"]
[EventCountry "CAN"]

1. e4 c6 2. d4 d5 3. Nd2 dxe4 4. Nxe4 Bf5 5. Ng3 Bg6 6. h4 h6 7. Nf3 Nd7 8. h5
Bh7 9. Bd3 Bxd3 10. Qxd3 e6 11. Bd2 Ngf6 12. O-O-O Be7 13. Kb1 O-O 14. Ne4 Nxe4
15. Qxe4 Nf6 16. Qe2 Qd5 17. Ne5 Qe4 18. Qxe4 Nxe4 19. Be1 Rfd8 20. f3 Nf6 21.
Bf2 Kf8 22. c4 Nd7 23. Kc2 Rac8 24. Kc3 a5 25. f4 Nf6 26. Bh4 c5 27. Bxf6 Bxf6
28. dxc5 Rxd1 29. Rxd1 Rxc5 30. Kd4 b6 31. b3 Ke7 32. Re1 Kd6 33. a4 g6 34.
hxg6 fxg6 35. Ke4 Bxe5 36. Rd1+ Bd4 37. Rxd4+ Ke7 38. Rd3 Rh5 39. Rg3 Kf6 40.
Rd3 Ke7 41. Rg3 Kf6 42. Rd3 1/2-1/2

[Event "7th Calgary International"]
[Site "Calgary"]
[Date "2014.11.11"]
[Round "9.1"]
[White "Shabalov, Alexander"]
[Black "Shi, Diwen"]
[Result "1/2-1/2"]
[WhiteElo "2530"]
[BlackElo "2219"]
[PlyCount "62"]
[EventDate "2014.11.06"]
[EventType "tourn"]
[EventRounds "9"]
[EventCountry "CAN"]

1. d4 Nf6 2. c4 Nc6 3. Nf3 e6 4. a3 g6 5. Nc3 Bg7 6. e4 d6 7. Be2 O-O 8. O-O
Re8 9. d5 Ne5 10. Nxe5 dxe5 11. Be3 exd5 12. cxd5 Bd7 13. Qb3 Qb8 14. Rac1 c6
15. dxc6 Bxc6 16. Bc4 Re7 17. Rfd1 b6 18. Bg5 Rb7 19. Nb5 Nxe4 20. Rd8+ Qxd8
21. Bxd8 Rxd8 22. Bxf7+ Rxf7 23. Rxc6 Kh8 24. f3 Bh6 25. h4 Rfd7 26. fxe4 Rd1+
27. Qxd1 Rxd1+ 28. Kf2 Rd2+ 29. Kf3 Rd3+ 30. Kf2 Rd2+ 31. Kf3 Rd3+ 1/2-1/2

[Event "7th Calgary International"]
[Site "Calgary"]
[Date "2014.11.11"]
[Round "9.2"]
[White "Humphreys, Michael"]
[Black "Mikhalevski, Victor"]
[Result "1/2-1/2"]
[WhiteElo "2190"]
[BlackElo "2565"]
[PlyCount "91"]
[EventDate "2014.11.06"]
[EventType "tourn"]
[EventRounds "9"]
[EventCountry "CAN"]
[WhiteClock "0:10:04"]
[BlackClock "0:54:08"]

1. Nf3 Nf6 2. c4 g6 3. Nc3 d5 4. d4 Bg7 5. cxd5 Nxd5 6. e4 Nxc3 7. bxc3 c5 8.
Rb1 O-O 9. Be2 b6 10. O-O Bb7 11. d5 Bxc3 12. h4 Nd7 13. h5 Bg7 14. hxg6 hxg6
15. Ng5 Nf6 16. Rb3 Nxe4 17. Nxe4 Qxd5 18. Rd3 Qxa2 19. Ng5 c4 20. Ra3 Qb1 21.
Qd7 Qc2 22. Qh3 Rfd8 23. Bf3 Bd5 24. g4 c3 25. Bxd5 Rxd5 26. Qf3 Rad8 27. Qxf7+
Kh8 28. Ne6 Rg8 29. Qf3 Rgd8 30. Nxd8 Rxd8 31. Rxa7 Qd3 32. Qh1+ Kg8 33. Rxe7
Rd4 34. Qh4 Qf3 35. Rxg7+ Kxg7 36. Qh6+ Kg8 37. Qxg6+ Kh8 38. Qh6+ Kg8 39. Qe6+
Kh7 40. Qe7+ Kg8 41. Qe8+ Kh7 42. Qh5+ Kg8 43. Qe8+ Kh7 44. Qe7+ Kg8 45. Qe6+
Kh7 46. Qh6+ 1/2-1/2